000 00613nam a22001697a 4500
999 _c13436
_d13436
008 190315b ||||| |||| 00| 0 eng d
020 _a9781617701061
082 _22013
_aAV-Eb 808.53
_bSn67
100 _aSnider, Alfred A.
_937601
245 _aSparking the debate :
_bhow to create a debate program /
_cAlfred A. Snider.
260 _bInternational Debate Educational Association,
_c©2013.
300 _a288 pages;
500 _aIncludes index.
650 _aDebates and debating.
_937602
856 _yhttps://ebookcentral.proquest.com/lib/uniofmindanao-ebooks/detail.action?docID=3433188
942 _2ddc
_cEB